00689cam a22001934a 4500020003500000040000800035082002600043245007500069260003900144300002600183650002500209650002800234650002200262700002400284700003100308942001000339999001700349952012900366 a0754639045 (hard : alk. paper) cDLC00a338 ASH 2004 C158 Or.00aAfrican environment and development :brhetoric, programs, realities / aBurlington, VT :bAshgate,cc2004. axii, 244 p. :c23 cm. 0aEconomic development 0aSustainable development 0aPolitical ecology1 aMoseley, William G.1 aLogan, Bernard Ikubolajeh. cAEDBB c19008d19008 0010406338_000000000000000_ASH_2004_C158_OR70983753aLBCbLBCd2020-02-25eA39219o338 ASH 2004 C158 Or.r2020-02-25yEK